Mario and Sonic at the Olympic Winter Games Characters - Statistics

General Stats
  • This quiz has been taken 89 times
  • The average score is 18 of 20
Answer Stats
Character % Correct
Mario
97%
Amy
95%
Peach
95%
Sonic
95%
Luigi
93%
Bowser
91%
Daisy
90%
Dr. Eggman
90%
Silver
88%
Metal Sonic
86%
Tails
86%
Vector
86%
Waluigi
86%
Blaze
84%
Knuckles
84%
Shadow
84%
Wario
84%
Bowser Jr.
83%
Yoshi
83%
Donkey Kong
78%
No matching quizzes found
Score Distribution
Percent of People with Each Score
Percentile by Number Answered
Your Score History
You have not taken this quiz